WWI Countries - Sudden Death - Statistics

General Stats
  • This quiz has been taken 77 times
  • The average score is 6 of 15
Answers on the Grid
Answers color-coded by a green-red scale on the quiz's grid according to % correct below.
UK
USA
Germany
Russia
Cuba
Ottoman Empire
Montenegro
Greece
Italy
Ireland
Bulgaria
Romania
Brazil
Newfoundland
Liberia
Soviet Union
Labrador
Mexico
Chile
Argentina
Norway
Sweden
Denmark
Mongolia
Switzerland
Netherlands
Albania
San Marino
Nunavut
Ethiopia
 
Answer Stats
Answer % Correct
UK
85%
Italy
73%
Russia
73%
USA
71%
Germany
67%
Ottoman Empire
58%
Romania
48%
Bulgaria
38%
Greece
35%
Montenegro
29%
Newfoundland
17%
Brazil
15%
Ireland
8%
Cuba
4%
Liberia
2%
No matching quizzes found
Score Distribution
Percent of People with Each Score
Percentile by Number Answered
Your Score History
You have not taken this quiz